000 01946nam0a2200349 4500
001 RU\NLR\bibl\989890
005 20250614221215.0
010 _a5-7797-0142-3
_95000
021 _aRU
_b2006-48177
_92393
035 _a(nilc)RSL-KNO-002919377
035 _a(NLR Aleph) 000977710
090 _a439293
_c439293
100 _a20060821d2006 |||y0rusy50 ca
101 0 _arus
102 _aRU
105 _aa |||||||||
106 _ar
200 1 _aШипящие звуки
_eдидактические материалы по исправлению недостатков произношения у слабослышащих детей
_fЕ. К. Щербакова
210 _aЯрославль
_cАкад. развития
_d2006
215 _a95 с.
_cтабл., цв. ил.
_d25 cм
606 1 _aТугоухие дети
_xРазвитие речи
_9957157
_3RU\NLR\auth\66356892
610 0 _aКультура. Наука. Просвещение -- Народное образование. Педагогические науки -- Дефектология -- Сурдопедагогика -- Теория сурдопедагогики -- Российская Федерация -- Сурдодидактика -- Методы, организационные формы и средства обучения -- Специфические методы, организационные формы и средства обучения глухих (глухонемых) -- Работа над произношением
686 _aЧ432.1,6(2)241.4,0
_2rubbk
686 _aЧ432.124.32
700 1 _4070
_7ca
_8rus
_aЩербакова
_bЕ. К.
_cдефектолог
_f-2023
_gЕлена Константиновна
_9263621
_3RU\NLR\AUTH\770263677
801 0 _aRU
_bРКП
_c20060821
801 1 _aRU
_bРГБ
_c20060821
801 2 _aRU
_bNLR
_c20061002
_grcr
830 _aпо кн
942 _cBOOK
980 _aNB